NHL Top 5 Goals Every Year Since 2000 - Statistics

General Stats
  • This quiz has been taken 38 times
  • The average score is 89 of 138
Answer Stats
Year Team Player % Correct
2025: 3 Capitals Alexander Ovechkin
100%
2022: 4 Capitals Alexander Ovechkin
100%
2020: 1 Capitals Alexander Ovechkin
100%
2019: 1 Capitals Alexander Ovechkin
100%
2018: 1 Capitals Alexander Ovechkin
100%
2016: 1 Capitals Alexander Ovechkin
100%
2015: 1 Capitals Alexander Ovechkin
100%
2014: 1 Capitals Alexander Ovechkin
100%
2013: 1 Capitals Alexander Ovechkin
100%
2012: 5 Capitals Alexander Ovechkin
100%
2010: 3 Capitals Alexander Ovechkin
100%
2009: 1 Capitals Alexander Ovechkin
100%
2008: 1 Capitals Alexander Ovechkin
100%
2007: 4 Capitals Alexander Ovechkin
100%
2006: 3 Capitals Alexander Ovechkin
100%
2023: 1 Oilers Connor McDavid
100%
2021: 2 Oilers Connor McDavid
100%
2025: 1 Oilers Leon Draisaitl
97%
2023: 4 Oilers Leon Draisaitl
97%
2022: 2 Oilers Leon Draisaitl
97%
2021: 4 Oilers Leon Draisaitl
97%
2020: 4 Oilers Leon Draisaitl
97%
2019: 2 Oilers Leon Draisaitl
97%
2024: 1 Maple Leafs Auston Matthews
94%
2022: 1 Maple Leafs Auston Matthews
94%
2021: 1 Maple Leafs Auston Matthews
94%
2020: 3 Maple Leafs Auston Matthews
94%
2017: 2 Maple Leafs Auston Matthews
94%
2025: 5 Bruins David Pastrňák
91%
2023: 2 Bruins David Pastrňák
91%
2020: 1 Bruins David Pastrňák
91%
2024: 5 Rangers Artemi Panarin
88%
2024: 4 Avalanche Nathan MacKinnon
88%
2019: 5 Blackhawks Patrick Kane
88%
2016: 2 Blackhawks Patrick Kane
88%
2013: 5 Blackhawks Patrick Kane
88%
2017: 1 Penguins Sidney Crosby
88%
2010: 1 Penguins Sidney Crosby
88%
2018: 4 Penguins Evgeni Malkin
84%
2017: 2 Lightning Evgeni Malkin
84%
2012: 2 Penguins Evgeni Malkin
84%
2008: 4 Penguins Evgeni Malkin
84%
2019: 4 Lightning Steven Stamkos
84%
2015: 2 Lightning Steven Stamkos
84%
2013: 2 Lightning Steven Stamkos
84%
2012: 1 Lightning Steven Stamkos
84%
2011: 2 Lightning Steven Stamkos
84%
2010: 1 Lightning Steven Stamkos
84%
2025: 2 Maple Leafs William Nylander
84%
2023: 3 Avalanche Mikko Rantanen
81%
2021: 5 Avalanche Mikko Rantanen
81%
2025: 3 Sabres Tage Thompson
81%
2011: 4 Canucks Daniel Sedin
78%
2007: 3 Ducks Teemu Selänne
75%
2017: 4 Bruins Brad Marchand
72%
2023: 5 Lightning Brayden Point
72%
2022: 5 Wild Kirill Kaprizov
72%
2024: 2 Panthers Sam Reinhart
72%
2014: 2 Ducks Corey Perry
69%
2011: 1 Ducks Corey Perry
69%
2016: 3 Stars Jamie Benn
69%
2019: 3 Lightning John Tavares
69%
2015: 4 Islanders John Tavares
69%
2013: 3 Islanders John Tavares
69%
2013: 5 Blackhawks Jonathan Toews
69%
2022: 5 Jets Kyle Connor
69%
2006: 2 Rangers Jaromír Jágr
66%
2001: 3 Penguins Jaromír Jágr
66%
2000: 4 Penguins Jaromír Jágr
66%
2007: 5 Lightning Martin St. Louis
66%
2004: 4 Lightning Martin St. Louis
66%
2020: 5 Rangers Mika Zibanejad
66%
2024: 3 Oilers Zach Hyman
66%
2009: 5 Senators Marián Hossa
63%
2007: 5 Senators Marián Hossa
63%
2003: 4 Senators Marián Hossa
63%
2011: 3 Flames Jarome Iginla
59%
2008: 3 Flames Jarome Iginla
59%
2004: 1 Flames Jarome Iginla
59%
2002: 1 Flames Jarome Iginla
59%
2007: 1 Lightning Vincent Lecavalier
59%
2009: 4 Thrashers Ilya Kovalchuk
56%
2008: 2 Thrashers Ilya Kovalchuk
56%
2006: 3 Thrashers Ilya Kovalchuk
56%
2004: 1 Thrashers Ilya Kovalchuk
56%
2001: 2 Avalanche Joe Sakic
56%
2007: 2 Senators Dany Heatley
53%
2006: 5 Senators Dany Heatley
53%
2016: 5 Sharks Joe Pavelski
53%
2015: 5 Sharks Joe Pavelski
53%
2014: 3 Sharks Joe Pavelski
53%
2022: 3 Rangers Chris Kreider
50%
2010: 4 Sharks Patrick Marleau
50%
2014: 5 Maple Leafs Phil Kessel
50%
2015: 3 Rangers Rick Nash
50%
2009: 5 Blue Jackets Rick Nash
50%
2004: 1 Blue Jackets Rick Nash
50%
2015: 5 Stars Tyler Seguin
50%
2014: 5 Stars Tyler Seguin
50%
2017: 4 Blues Vladimir Tarasenko
50%
2016: 4 Blues Vladimir Tarasenko
50%
2015: 5 Blues Vladimir Tarasenko
50%
2006: 1 Sharks Jonathan Cheechoo
47%
2002: 2 Maple Leafs Mats Sundin
47%
2018: 2 Jets Patrik Laine
47%
2008: 5 Red WIngs Henrik Zetterberg
44%
2003: 2 Canucks Markus Näslund
44%
2002: 5 Canucks Markus Näslund
44%
2003: 5 Bruins Paul Kariya
44%
2000: 3 Blackhawks Paul Kariya
44%
2000: 4 Ducks Paul Kariya
44%
2018: 4 Wild Eric Staal
41%
2009: 5 Hurricanes Eric Staal
41%
2003: 1 Avalanche Milan Hejduk
41%
2001: 1 Panthers Pavel Bure
41%
2000: 1 Panthers Pavel Bure
41%
2004: 4 Devils Patrik Eliáš
38%
2012: 3 Rangers Marián Gáborík
34%
2010: 5 Rangers Marián Gáborík
34%
2009: 2 Flyers Marián Gáborík
34%
2009: 3 Devils Zach Parise
34%
2011: 4 Canucks Ryan Kesler
31%
2015: 5 Canadiens Max Pacioretty
28%
2014: 4 Canadiens Max Pacioretty
28%
2001: 4 Capitals Peter Bondra
28%
2013: 4 Kings Jeff Carter
25%
2021: 3 Blackhawks Alex DeBrincat
22%
2003: 3 Canucks Todd Bertuzzi
19%
2018: 3 Canucks William Karlsson
16%
2012: 4 Penguins James Neal
13%
2001: 5 Penguins Alex Kovalev
9%
2009: 5 Sabres Thomas Vanek
9%
2007: 5 Sabres Thomas Vanek
9%
2000: 2 Sharks Tony Amonte
6%
2008: 5 Blues Brad Boyes
3%
2002: 2 Bruins Bill Guerin
0%
2002: 2 Kings/Bruins Glen Murray
0%
2013: 5 Hurricanes Jiří Tlustý
0%
No matching quizzes found
Score Distribution
Percent of People with Each Score
Percentile by Number Answered
Your Score History
You have not taken this quiz